01044 a2200229 4500952013700000999001500137022001400152050002400166100002600190245029700216264004200513300001200555500003000567650004700597650002000644651001700664700002400681700002300705700002400728700002600752942003600778 00102Library Of40708NFICaLLbLLcGENd2021-09-27l0oKTL19.A35 SOU 1985p005683r2021-09-27 00:00:00tc.1w2021-09-27ySERIALS c9869d9869 a0038-2396 aKTL19.A35 SOU 1985 aFisher, D. S.eeditor aSouth African law reports 1985(4):bdecisions of Supreme court of South Africa, South west Africa supreme court, High court of Zimbabwe, Supreme court of Zim, Supreme court of Transkei, Supreme court of Bophuthatswana, Supreme court of Venda, Supreme court of CiskeicDavid S. Fisher et al... aSouth Africa:bJuta & Company,c1985. a334p. : aSouth African Law Reports aLaw reports, digests, etc. -- South Africa aCourt decisions aSouth Africa aBarrow, O.Jeeditor aKoch, D.M.eeditor aKrynauw, B.eeditor aScholtz, W.M.eeditor 2lcccSERIALSh19.A 35iSOUkKTL